| 000 | 01247nam0a2200361 4500 | ||
|---|---|---|---|
| 001 | RU\NLR\BIBL_A\012472646 | ||
| 005 | 20211123153615.0 | ||
| 010 |
_a978-5-91878-435-8 _91500 |
||
| 021 |
_aRU _bКН-П-20-069978 _9КН-П-20-5263 |
||
| 035 | _a(NLR Aleph) 012472646 | ||
| 035 | _a(RuMoRGB)010477770 | ||
| 090 |
_a12088193 _c12088193 |
||
| 100 | _a20210312d2020 u y0rusy50 ca | ||
| 101 | 1 |
_arus _ceng |
|
| 102 | _aRU | ||
| 105 | _ay|||z|||000ay | ||
| 181 | 0 |
_ai _baxxe |
|
| 182 | 0 | _an | |
| 200 | 1 |
_aБойня титанов _iБог-машина грядет _e[роман] _fГай Хейли _g[пер. с англ. И. Савельевой] |
|
| 203 |
_aТекст _bвизуальный _cнепосредственный |
||
| 210 |
_aСанкт-Петербург _cФантастика Книжный Клуб _d2020 |
||
| 215 |
_a469, [2] с. _d21 |
||
| 225 | 1 | _aWarhammer 40,000 | |
| 225 | 1 | _aThe Horus Heresy | |
| 333 | _a16+ | ||
| 686 | 1 | _aШ6(4Вл)67-445(Лх1299-62) | |
| 700 | 1 |
_7ca _8rus _aХейли _bГ. _f1973- _gГай _9178540 _3RU\NLR\AUTH\770178591 |
|
| 942 | _cBOOK | ||
| 980 | _aNBR | ||
| 980 | _aNB | ||